Регионална библиотека "Любен Каравелов" - Русе

Основи на статистиката (Запис номер 28715)

MARC детайли
000 -Лидер
Контролно поле с фиксирана дължина 01417nam a2200337 c 4500
003 - Код на организацията, давaща контролен номер
Контролно поле BLK
005 - Дата и час на последна редакция
Контролно поле 20180422095810.0
008 - Елементи от данни с фиксирана дължина
fixed length control field 180407b bul|||||r ||||||| ||bul||
010 ## - Наследен системен номер
LC control number KNG00031314000
020 ## - Международен стандартен номер на книга ISBN
Международен стандартен номер на книга ISBN 954-427-390-5
-- издат.: Абагар
040 ## - Източник на каталожния запис
Идентификатор на билиотеката - собственик на записа BLK
041 ## - Код за език
Код за езика на текст/звукозапис или на отделно заглавие Български
Код за езика КДБФ Български
080 ## - УДК
Текстов определител УДК Статистиката като наука. Теория на статистиката
УДК код - определител по УДК 311
УДК определител (075.8)
УДК - код + определител 311(075.8)
100 1# - Редна дума - Автор
Автор Петров, Величко Минков
Авторска отговорност първи автор
R(LIN) 256914
139 ## - Редно поле
Редна дума Петров, Величко Минков и др.
Авторски знак Петро - П 47
245 10 - Сведения за заглавието
Заглавие Основи на статистиката
Подзаглавни данни Учебник за студенти
Редно поле (дума) Величко Минков Петров; съавт. Тодор Иванов Тодоров.
257 ## - Страна на издаване
Страна на създаване/издаване България
260 ## - Област на издателските данни
-- В. Търново
Име на издателя, разпространителя и проч. Абагар
Година на издаване 2000
300 ## - Физическа характеристика
Страници 538 с.
Илюстрации и др. с диагр. табл.
Размери/Мащаб 23 см
380 ## - Жанр
Жанр Обществени науки
500 ## - Общи забележки
Забележка Библиогр. с. 529-532.
650 #4 - Допълнително описание по предмет – тема
Основно описание – тема или топоним Статистика - теория - учебници за ВУЗ
9 (RLIN) 244929
653 ## - Ключова дума – ненормативна
Ключова дума статистика
653 ## - Ключова дума – ненормативна
Ключова дума учебници за ВУЗ
700 1# - Други автори (авторска отговорност)
Лично име Тодоров, Тодор Иванов
Автороска отговорност (Описва отношението между автора и произведението) съавт.
9 (RLIN) 365500
852 ## - Местоположение
Форматна сигнатура Цб 203967
856 4# - Електронен адрес и достъп
Електронен формат pdf - файл
Път до файла /url/
856 4# - Електронен адрес и достъп
Електронен формат pdf - файл
Път до файла /url/
942 ## - АРТИКУЛИ
Вид на библиотечния материал Книги
Скрит в OPAC Не
944 ## - СЪЗДАВАНЕ И РЕДАКЦИЯ на ЗАПИСА
Създаване/Редакция Създаване
Дата на регистрацията/редакция 15.01.2003
Статус, дата на статуса ф /
Служител, извършил регистрацията/редакцията АДМИНИСТРАТОР_НА_АБ
944 ## - СЪЗДАВАНЕ И РЕДАКЦИЯ на ЗАПИСА
Създаване/Редакция Редакция
Дата на регистрацията/редакция 19.04.2017
Статус, дата на статуса ф /
Служител, извършил регистрацията/редакцията Людмила_Стоянова
999 ## - СИСТЕМНИ КОНТРОЛНИ НОМЕРА
Koha biblionumber 28715
Koha biblioitemnumber 28715
Наличности
Код за отписване Код за изгубен артикул Източник на класификационната схема Код за повреда Коз за рестрикции Код за отдаване Артикулен № Име на библиотеката - собственик Име на библиотеката, в която се намира в момента Статус (Текущо местоположение) Дата на вписване в системата Местоположение - отдел Цена в лева Инвентарен номер Систематично азбучна сигнатура Баркод Номер на екземпляра Цена в евро Служебна бележка Служебен тип на артикула
  Не е изгубен Universal Decimal Classification Не е повреден без рестрикции ползва се в читалня 46102 Регионална библиотека "Любен Каравелов" Русе Регионална библиотека "Любен Каравелов" Русе Хранилище 2001-01-01 Хранилище 0.00 654704 Цб 203967 120000654704 1 0.00 Дост: Dp Вид: Д N: стар фонд Дата: 01.01.2001 Книги
  Не е изгубен   Не е повреден без рестрикции заемане за дома 46103 Регионална библиотека "Любен Каравелов" Русе Регионална библиотека "Любен Каравелов" Русе Заемна - подръчен фонд 2017-03-30 Заемна - подръчен фонд 5.00 120000809551 П 311/П 47 120000809551 2 2.56 Дост: DA Вид: А N: 15 Дата: 30.03.2017 Дата инв: 02.02.2018 Бележки инв: П2018 Книги
Vip Innovations Ltd, Rousse, Bulgaria 2025